Mustard Seed Conspiracy (Record no. 17866)

MARC details
000 -LEADER
fixed length control field 00586nam a2200241 a 4500
020 ## - INTERNATIONAL STANDARD BOOK NUMBER
ISBN 0849993
082 00 - DEWEY DECIMAL CLASSIFICATION NUMBER
Classification number 230
Author Cutter SIN6
100 ## - MAIN ENTRY--AUTHOR NAME
Author name Sine, Tom
245 ## - TITLE STATEMENT
Title Mustard Seed Conspiracy
260 ## - PUBLICATION, DISTRIBUTION, ETC. (IMPRINT)
Place of publication USA
Name of publisher Word Book
Year of publication 1981
300 ## - PHYSICAL DESCRIPTION
Number of Pages 246p
500 ## - GENERAL NOTE
General note includes index and biblioraphy
505 2# - FORMATTED CONTENTS NOTE
Formatted contents note Selected Bibliography, Notes
650 ## - SUBJECT ADDED ENTRY--TOPICAL TERM
Topical Term Christian-Theology
942 ## - ADDED ENTRY ELEMENTS (KOHA)
Koha item type Books
700 1# -
-- Sine, Tom
Holdings
Collection code Home library Current library Date acquired Cost, normal purchase price Full call number Accession Number Koha item type
  Henry Martyn Institute Library Henry Martyn Institute Library 06/12/2007 100.00 230 SIN6 11001543 Books
                   Copyright © 2026 | Henry Martyn Institute | Hyderabad | TS-500052 | INDIA | Implemented by hmi.edu.in
Hit-Count:

Powered by Koha